Celebrating Bihar : (Record no. 82309)

MARC details
000 -LEADER
fixed length control field 02463nam a22002297a 4500
005 - DATE AND TIME OF LATEST TRANSACTION
control field 20140424110459.0
010 ## - LCCN (DPL NO)
LC control number ENG-109241
020 ## - INTERNATIONAL STANDARD BOOK NUMBER
Terms of availability 2500.00
International Standard Book Number 9780198098836
020 ## - INTERNATIONAL STANDARD BOOK NUMBER
Terms of availability 2500.00
International Standard Book Number 0198098839
035 ## - SYSTEM CONTROL NUMBER
System control number EN-92774
037 ## - SOURCE OF ACQUISITION
Source of stock number/acquisition DBAD/PUB
082 ## - DEWEY DECIMAL CLASSIFICATION NUMBER
Classification number 915.4123
100 ## - MAIN ENTRY--PERSONAL NAME
Personal name Tiwary, Nishant
245 ## - TITLE STATEMENT
Title Celebrating Bihar :
Statement of responsibility, etc by Nishant Tiwary
Remainder of title the heritage of Nalanda /
246 ## - VARYING FORM OF TITLE
Title proper/short title Heritage of Nalanda
260 ## - PUBLICATION, DISTRIBUTION, ETC. (IMPRINT)
Name of publisher, distributor, etc Oxford University Press
Date of publication, distribution, etc 2014
Place of publication, distribution, etc New Delhi
270 ## - ADDRESS
City New Delhi
Postal code 110001
Address YMCA Library Building, 1 Jai Singh Road
300 ## - PHYSICAL DESCRIPTION
Extent xi,137p. :
Dimensions 25cm(Hb)
Other physical details color photos
505 ## - FORMATTED CONTENTS NOTE
Formatted contents note Foreword by Nitish Kumar, Chief Minister of Bihar ; ARCHAEOLOGICAL CIRCUIT ; 1. Ancient Nalanda University ; 2. Giriyak, Ashokan, and Ajatashatru Stupas ; 3. Cyclopean walls ; 4. Swarna Bhandar ; 5. Maniyar Math ; 6. Jarasandh ka Akhada ; 7. Pippali Stone Caves ; 8. Rock Cut Shell Inscriptions ; 9. Bimbisara Jail ; 10. Telhara Monastic ; 11. Jaire ; BUDDHIST CIRCUIT ; 1. Gridha Koot ; 2. Venu Vana ; 3. Saptaparni Caves ; 4. Vishwa Shanti Stupa ; 5. Jeevak Amra Vana ; 6. Ancient Buddhist Temple ; 7. Japanese Temple ; 8. Thai Temples, Nalanda and Rajgir ; 9. Burmese Temple, Rajgir ; 10. Burmese Monument ; 11. Ancient Black Buddha ; 12. Buddha at Rukmini Sthan ; 13. Buddha at Tetrawan ; 14. Katrisarai Mounds ; 15. Xuen Xang Memorial ; HINDU CIRCUIT ; 1. Bramh Kund ; 2. Sun Temples, Budgaon and Ongari ; 3. Ancient Mahadev Temple ; 4. Asha Devi Sidh Peeth ; 5. Maghra Sidh Peeth ; 6. Chandi Devi Tantrik Temple ; 7. Jara Devi and Jarasandh Temples ; 8. Baba Maniram ; 9. Mora Talab ; JAIN CIRCUIT ; 1. Nirvana, Place of Lord Mahavira ; 2. Kundalpur, Birth Place of Lord Mahavira ; 3. Jain Pilgrimages ; Vyavhargiri Hill ; Vipulagiri Hill ; Swarnagiri Hill ; Udaygiri Hill ; Ratnagiri Hill ; 4. Naulakha Jain Temple ; 5. Veerayatan ; SUFI CIRCUIT ; 1. Badi Dargah ; 2. Makdum Kund, Rajgir ; 3. Badi Pahadi, Biharsharif ; 4. Khanquah, Biharsharif ; 5. Khanquah, Pinassa ; 6. Naubat Khana ; SIKH CIRCUIT ; 1. Nanak Kund: The Sacred Spring ; ECO TOURISM ; 1. Gora Katora Lake ; 2. Rajgir Valley ; 3. Buddha Trail ; 4. Deer Park ; 5. Hill Top Lake ; 6. Kumudini Pond ; About the Author
520 ## - SUMMARY, ETC.
Summary, etc Highlighting the legacy of Nalanda, the home of the world's first residential university (c. AD 450), this book celebrates the state of Bihar that completed its centenary in 2012.
942 ## - ADDED ENTRY ELEMENTS (KOHA)
Source of classification or shelving scheme Dewey Decimal Classification
Item type English Books
Call number suffix TIW
Classification part 915.4123
Holdings
Withdrawn status Lost status Not for loan Collection code Home library Current library Date acquired Source of acquisition Cost, normal purchase price Full call number Barcode Copy number Cost, replacement price Koha item type
    Not For Loan Non-fiction D.B.Act.Division D.B.Act.Division 31/01/2014 DBAD/PUB 2500.00 915.4123 TIW EN-92774 1 2500.00 English Books

© Delhi Public Library
Hit Counter
free hit counter